000
00348nam a2200169Ia 4500
100
_a
Sen/Leena
650
_a
Communication Skill
942
_c
BK
366
_f
25
654
_a
communication
245
_a
Communication Skills
260
_b
prentice hall
_c
2009
082
_a
371.2
_b
SEN
300
_a
277
546
_a
ENGLISH
999
_c
21718
_d
21718